[Event "GER-chT Betriebe 16th"]
[Site "Dresden"]
[Date "2016.11.06"]
[Round "7.4"]
[White "Strauss, Peter"]
[Black "Eisermann, Daniel"]
[Result "1/2-1/2"]
[WhiteElo "1803"]
[BlackElo "1966"]
[PlyCount "56"]
[EventDate "2016.11.03"]
[EventType "team-swiss"]
[EventRounds "7"]
[EventCountry "GER"]
[SourceTitle "EXT 2020"]
[Source "ChessBase"]
[SourceDate "2019.10.17"]
[SourceVersion "1"]
[SourceVersionDate "2019.10.17"]
[SourceQuality "1"]
[WhiteTeam "Berlin Deutsche Bahn/BSW II"]
[BlackTeam "Berlin Osram"]
[WhiteTeamCountry "GER"]
[BlackTeamCountry "GER"]

1. d4 d5 2. c4 c6 3. cxd5 cxd5 4. Nf3 Nf6 5. Nc3 Nc6 6. Bf4 a6 7. h3 e6 8. e3 Be7 9. Bd3 0-0 10. Rc1 Bd7 11. 0-0 b5 12. Ne5 Rc8 13. Nxc6 Bxc6 14. Qe2 Qb6 15. Be5 b4 16. Nb1 Bb7 17. Nd2 h6 18. f3 Nd7 19. Bg3 Bd6 20. Bf2 Bb8 21. e4 f5 22. e5 Rxc1 23. Rxc1 Rc8 24. Rxc8+ Bxc8 25. f4 Qc6 26. Nb3 Ba7 27. Qc2 Qxc2 28. Bxc2 Bb6 1/2-1/2

[Event "GER-chT Betriebe 16th"]
[Site "Dresden"]
[Date "2016.11.03"]
[Round "1.4"]
[White "Eisermann, Daniel"]
[Black "Rulfs, Ernst August"]
[Result "1-0"]
[WhiteElo "1966"]
[BlackElo "1598"]
[PlyCount "59"]
[EventDate "2016.11.03"]
[EventType "team-swiss"]
[EventRounds "7"]
[EventCountry "GER"]
[SourceTitle "EXT 2020"]
[Source "ChessBase"]
[SourceDate "2019.10.17"]
[SourceVersion "1"]
[SourceVersionDate "2019.10.17"]
[SourceQuality "1"]
[WhiteTeam "Berlin Osram"]
[BlackTeam "Hamburg Transit II"]
[WhiteTeamCountry "GER"]
[BlackTeamCountry "GER"]

1. e4 e6 2. d4 d5 3. Nc3 Bb4 4. e5 c5 5. a3 Bxc3+ 6. bxc3 c4 7. Qg4 g6 8. g3 Nc6 9. Bg2 Nce7 10. Ne2 Nf5 11. Bg5 f6 12. Bf4 Ngh6 13. Qh3 g5 14. Qh5+ Nf7 15. Bd2 fxe5 16. dxe5 Ng7 17. Qf3 Nxe5 18. Qe3 Qf6 19. Nd4 h6 20. 0-0 Bd7 21. Rab1 Rb8 22. f4 Ng4 23. Qe2 e5 24. fxe5 Qxe5 25. Qxe5+ Nxe5 26. Rbe1 Kd8 27. Rxe5 Kc7 28. Rf7 Ne8 29. Ree7 Rd8 30. Ne6+ 1-0

[Event "GER-chT Betriebe 14th"]
[Site "Dresden"]
[Date "2014.11.23"]
[Round "7.2"]
[White "Hoffeins, Hans Werner"]
[Black "Eisermann, Daniel"]
[Result "0-1"]
[WhiteElo "1791"]
[BlackElo "1928"]
[PlyCount "98"]
[EventDate "2014.11.20"]
[EventType "team-swiss"]
[EventRounds "7"]
[EventCountry "GER"]
[SourceTitle "EXT 2020"]
[Source "ChessBase"]
[SourceDate "2019.10.17"]
[SourceVersion "1"]
[SourceVersionDate "2019.10.17"]
[SourceQuality "1"]
[WhiteTeam "Hamburg Baubehoerde II"]
[BlackTeam "Berlin Osram"]
[WhiteTeamCountry "GER"]
[BlackTeamCountry "GER"]

1. e4 c5 2. Nf3 e6 3. d3 Nc6 4. Be2 Qc7 5. c3 Nf6 6. 0-0 Be7 7. a4 0-0 8. Re1 b6 9. Bf1 d6 10. Na3 Bb7 11. Nc2 Ne5 12. Nxe5 dxe5 13. Ne3 Rfd8 14. Qc2 Rd7 15. b3 Rad8 16. f3 Nh5 17. g3 g6 18. Ng4 Nf6 19. Nf2 Nh5 20. Be3 f5 21. g4 fxg4 22. fxg4 Nf4 23. Bxf4 exf4 24. Rad1 e5 25. Qe2 Qc6 26. Qf3 Bh4 27. Re2 Qf6 28. Red2 Kh8 29. Be2 Bc6 30. c4 Rg7 31. Bf1 Rd6 32. Bg2 Bd7 33. h3 Qg5 34. Kf1 Be6 35. Qe2 Bc8 36. Bf3 Bg3 37. Nh1 h5 38. Kg2 Qh4 39. Nf2 Rg8 40. Rh1 Rgd8 41. Rhd1 Rf6 42. Rh1 Kg7 43. Nd1 Rh8 44. Nc3 hxg4 45. Bxg4 f3+ 46. Bxf3 Bxh3+ 47. Kg1 Rhf8 48. Bg2 Bf2+ 49. Qxf2 Rxf2 0-1